| 000 | 00344nam a22001337a 4500 | ||
|---|---|---|---|
| 082 |
_a923.173 _bLUD |
||
| 100 |
_aLudwig, Emil _950542 |
||
| 245 |
_aRoosevelt _cLudwig, Emil |
||
| 260 |
_aLondon _bHamish Hamilton _c1938 |
||
| 300 |
_a316p.: _bill,; _c20 cm. |
||
| 526 |
_a0 _b0 _c0 _d923_173000000000000_LUD |
||
| 650 |
_aMCE _9379 |
||
| 942 |
_2ddc _cBK |
||
| 999 |
_c553347 _d553347 |
||